Islam is Under attack (Record no. 296630)

000 -LEADER
fixed length control field 00220 a2200097 4500
001 - CONTROL NUMBER
control field 61557
082 ## - DEWEY DECIMAL CLASSIFICATION NUMBER
Classification number 297.197 KHA
090 ## - LOCALLY ASSIGNED LC-TYPE CALL NUMBER (OCLC); LOCAL CALL NUMBER (RLIN)
-- 37091
-- 37091
100 ## - MAIN ENTRY--PERSONAL NAME
Personal name Abdul Waheed Khan
245 ## - TITLE STATEMENT
Title Islam is Under attack
Medium English
942 ## - ADDED ENTRY ELEMENTS (KOHA)
Institution code [OBSOLETE] CAE NUST
Call number prefix 297.197 KHA
Holdings
Withdrawn status Lost status Damaged status Not for loan Collection code Permanent Location Current Location Date acquired Total Checkouts Full call number Barcode Date last seen Price effective from Koha item type
          College of Aeronautical Engineering (CAE) College of Aeronautical Engineering (CAE) 04/03/2017   297.197 KHA CAEG-6110 04/05/2017 04/05/2017 Book
          College of Aeronautical Engineering (CAE) College of Aeronautical Engineering (CAE) 04/03/2017   297.197 KHA CAEG-6111 04/05/2017 04/05/2017 Book
© 2023 Central Library, National University of Sciences and Technology. All Rights Reserved.